Central Library OPAC University of Rajshahi

Biodiversity & biotechnology / (Record no. 68517)

MARC details
000 -LEADER
fixed length control field 00776nam a2200265 a 4500
001 - CONTROL NUMBER
control field 68517
003 - CONTROL NUMBER IDENTIFIER
rucl marc code BD-RjUL
005 - DATE AND TIME OF LATEST TRANSACTION
control field 20211209081800.0
008 - FIXED-LENGTH DATA ELEMENTS--GENERAL INFORMATION
fixed length control field 170403s2010 ii a|||| |||| 001 0 eng d
035 ## - SYSTEM CONTROL NUMBER
System control number (BD-RjUL)68727
040 ## - CATALOGING SOURCE
Original cataloging agency BD-RjUL
Language of cataloging eng
Transcribing agency BD-RjUL
Modifying agency BD-RjUL
041 ## - LANGUAGE CODE
Language code of text/sound track or separate title eng
082 ## - DEWEY DECIMAL CLASSIFICATION NUMBER
Edition number 23
Classification number 578.7
Author mark and year BIO 2010
245 10 - TITLE STATEMENT
Title Biodiversity & biotechnology /
Statement of responsibility, etc. Editors Samit Ray; Arun K Ray
250 ## - EDITION STATEMENT
Edition statement 3rd ed.
260 ## - PUBLICATION, DISTRIBUTION, ETC. (IMPRINT)
Place of publication, distribution, etc. Hyderabad :
Name of publisher, distributor, etc. New Central Book Agency,
Date of publication, distribution, etc. 2010.
300 ## - PHYSICAL DESCRIPTION
Pagination ix, 360 p. :
Illustrations ill.
Size 25 cm.
490 ## - SERIES STATEMENT
Series statement Central Advanced Studies
500 ## - GENERAL NOTE
General note Includes index
650 ## - SUBJECT ADDED ENTRY--TOPICAL TERM
Topical term or geographic name as entry element Biotechnology
9 (RLIN) 203082
700 ## - ADDED ENTRY--PERSONAL NAME
Personal name Ray, Samit
Personal name Ray, Arun K.
830 ## - SERIES ADDED ENTRY--UNIFORM TITLE
Uniform title Central Advanced Studies
942 ## - ADDED ENTRY ELEMENTS (KOHA)
Source of classification or shelving scheme Dewey Decimal Classification
Koha item type Books
Holdings
Lost status Source of classification or shelving scheme Damaged status Not for loan Collection code Permanent Location Current Location Shelving location Date acquired Source of acquisition Cost, normal purchase price Total Checkouts Full call number Date last seen Copy number Koha item type
  Dewey Decimal Classification   Not For Loan Non-fiction Central Library, University of Rajshahi Central Library, University of Rajshahi Reading Room 20/06/2013 Paragon Enterprise ltd., Dhaka 157.00   578.7 BIO 2010 03/04/2017 C-1 Books